| 000 | 00605 a2200193 4500 | ||
|---|---|---|---|
| 005 | 20260210142718.0 | ||
| 008 | 260210b |||||||| |||| 00| 0 eng d | ||
| 020 |
_a9781032768878 _cRs. 1295.00 |
||
| 040 | _aMAIN | ||
| 082 |
_a327.101 _bM896P |
||
| 100 | _aMukhopadhyay, Amartya | ||
| 245 | _aPositivist and political-economic theories of international relations: Liberal -pluralist and radical dimensions | ||
| 260 |
_bRoutledge _c2024 _aOxon |
||
| 300 | _axv, 274 | ||
| 650 | _aInternational Relations | ||
| 650 | _aPolitical Science | ||
| 650 | _aInternational Political Economy | ||
| 942 | _cBK | ||
| 999 |
_c395057 _d395057 |
||